[Event "George Trundle Reserves 2016"]
[Site "Auckland"]
[Date "2016.07.15"]
[Round "7.1"]
[White "Taylor, Richard"]
[Black "Braganza, Nadia"]
[Result "1-0"]
[LiveChessVersion "1.4.8"]
[BlackElo "1358"]
[WhiteElo "1866"]

1. e4 {[%clk 1:30:53]} c5 {[%clk 1:30:39]} 2. Nf3 {[%clk 1:31:14]} Nc6
{[%clk 1:30:51]} 3. d4 {[%clk 1:31:38]} cxd4 {[%clk 1:31:00]} 4. Nxd4
{[%clk 1:32:03]} g6 {[%clk 1:30:50]} 5. Be3 {[%clk 1:32:24]} Bg7 {[%clk 1:30:16]}
6. Nc3 {[%clk 1:32:18]} Nf6 {[%clk 1:30:04]} 7. Bc4 {[%clk 1:32:09]} O-O
{[%clk 1:29:48]} 8. Bb3 {[%clk 1:32:30]} d6 {[%clk 1:29:20]} 9. O-O
{[%clk 1:32:14]} Bd7 {[%clk 1:28:52]} 10. f3 {[%clk 1:22:40]} Rc8
{[%clk 1:28:11]} 11. Nxc6 {[%clk 1:21:20]} Bxc6 {[%clk 1:25:36]} 12. Qd2
{[%clk 1:18:03]} Qc7 {[%clk 1:19:17]} 13. Rad1 {[%clk 1:14:16]} a5
{[%clk 1:18:55]} 14. a4 {[%clk 1:14:01]} Rfd8 {[%clk 1:09:15]} 15. Bh6
{[%clk 1:00:42]} e6 {[%clk 0:59:15]} 16. Bxg7 {[%clk 0:56:41]} Kxg7
{[%clk 0:59:30]} 17. Qd4 {[%clk 0:49:50]} e5 {[%clk 0:54:01]} 18. Qe3
{[%clk 0:49:11]} Qd7 {[%clk 0:49:53]} 19. f4 {[%clk 0:43:26]} Qc7
{[%clk 0:33:32]} 20. f5 {[%clk 0:38:06]} Ng4 {[%clk 0:32:21]} 21. Qg3
{[%clk 0:30:32]} Qb6+ {[%clk 0:32:40]} 22. Kh1 {[%clk 0:31:01]} Ne3
{[%clk 0:31:57]} 23. Qf2 {[%clk 0:20:48]} Qc5 {[%clk 0:29:51]} 24. fxg6
{[%clk 0:16:08]} Rf8 {[%clk 0:17:16]} 25. Qf6+ {[%clk 0:14:40]} Kh6
{[%clk 0:11:50]} 26. gxf7+ {[%clk 0:14:06]} Kh5 {[%clk 0:12:07]} 27. g4+
{[%clk 0:14:23]} Kxg4 {[%clk 0:11:37]} 28. Rg1+ {[%clk 0:14:39]} Kh3
{[%clk 0:11:04]} 29. Rg3# {[%clk 0:14:59]} 1-0

[Event "George Trundle Reserves 2016"]
[Site "Auckland"]
[Date "2016.07.15"]
[Round "7.2"]
[White "Yan, Caroline"]
[Black "Jia, Hao"]
[Result "1/2-1/2"]
[LiveChessVersion "1.4.8"]
[BlackElo "1930"]
[WhiteElo "1743"]

1. d4 {[%clk 1:30:59]} f5 {[%clk 1:30:48]} 2. c4 {[%clk 1:31:20]} Nf6
{[%clk 1:31:10]} 3. Nc3 {[%clk 1:31:43]} e6 {[%clk 1:31:15]} 4. Nf3
{[%clk 1:31:55]} d5 {[%clk 1:29:54]} 5. cxd5 {[%clk 1:27:47]} exd5
{[%clk 1:30:02]} 6. Bg5 {[%clk 1:27:23]} Be7 {[%clk 1:29:48]} 7. Bxf6
{[%clk 1:27:10]} Bxf6 {[%clk 1:30:06]} 8. e3 {[%clk 1:27:23]} O-O
{[%clk 1:28:54]} 9. Qc2 {[%clk 1:26:59]} c6 {[%clk 1:24:54]} 10. Bd3
{[%clk 1:25:25]} Be7 {[%clk 1:25:03]} 11. a3 {[%clk 1:18:30]} Be6
{[%clk 1:21:27]} 12. Ne5 {[%clk 1:12:56]} Nd7 {[%clk 1:20:55]} 13. Nxd7
{[%clk 1:09:54]} Qxd7 {[%clk 1:19:36]} 14. b4 {[%clk 1:07:40]} a6
{[%clk 1:17:46]} 15. Na4 {[%clk 1:06:01]} Qc7 {[%clk 1:16:48]} 16. Nc5
{[%clk 1:05:45]} Bxc5 {[%clk 1:16:49]} 17. bxc5 {[%clk 1:04:02]} Rae8
{[%clk 1:15:55]} 18. O-O-O {[%clk 0:59:42]} Rb8 {[%clk 1:01:31]} 19. Kd2
{[%clk 0:56:28]} g6 {[%clk 1:00:04]} 20. g3 {[%clk 0:53:21]} Kg7 {[%clk 0:45:19]}
21. h4 {[%clk 0:47:21]} h5 {[%clk 0:38:04]} 1/2-1/2

[Event "George Trundle Reserves 2016"]
[Site "Auckland"]
[Date "2016.07.15"]
[Round "7.3"]
[White "Punsalan, Vyanla M"]
[Black "Hair, Philip I"]
[Result "1/2-1/2"]
[LiveChessVersion "1.4.8"]
[BlackElo "1907"]
[WhiteElo "1649"]

1. e4 {[%clk 1:22:56]} Nc6 {[%clk 1:30:54]} 2. Nf3 {[%clk 1:22:51]} d6
{[%clk 1:31:19]} 3. d4 {[%clk 1:21:47]} Nf6 {[%clk 1:31:43]} 4. Nc3
{[%clk 1:20:51]} g6 {[%clk 1:31:32]} 5. Bb5 {[%clk 1:19:32]} a6 {[%clk 1:31:28]}
6. Bc4 {[%clk 1:18:20]} b5 {[%clk 1:13:46]} 7. Bb3 {[%clk 1:07:30]} Na5
{[%clk 1:09:43]} 8. e5 {[%clk 0:59:58]} Nxb3 {[%clk 1:04:49]} 9. axb3
{[%clk 0:59:07]} b4 {[%clk 0:50:49]} 10. exf6 {[%clk 0:55:01]} bxc3
{[%clk 0:51:14]} 11. bxc3 {[%clk 0:55:12]} e6 {[%clk 0:51:34]} 12. O-O
{[%clk 0:51:24]} h6 {[%clk 0:51:26]} 13. Re1 {[%clk 0:49:29]} Qxf6
{[%clk 0:51:44]} 14. Qd3 {[%clk 0:48:19]} Bg7 {[%clk 0:45:31]} 15. Qe4
{[%clk 0:46:16]} Ra7 {[%clk 0:43:20]} 16. Be3 {[%clk 0:27:55]} O-O
{[%clk 0:40:39]} 17. d5 {[%clk 0:23:34]} exd5 {[%clk 0:40:39]} 18. Qxd5
{[%clk 0:23:42]} c5 {[%clk 0:34:52]} 19. Bd2 {[%clk 0:22:21]} Bb7
{[%clk 0:32:37]} 20. Qd3 {[%clk 0:21:58]} Bxf3 {[%clk 0:27:03]} 21. gxf3
{[%clk 0:20:44]} a5 {[%clk 0:26:57]} 22. Ra4 {[%clk 0:20:06]} Qd8
{[%clk 0:22:03]} 23. Qd5 {[%clk 0:17:49]} Re8 {[%clk 0:12:25]} 24. Rae4
{[%clk 0:17:02]} Rae7 {[%clk 0:10:42]} 25. c4 {[%clk 0:15:23]} Rxe4
{[%clk 0:08:38]} 26. Rxe4 {[%clk 0:14:36]} Rxe4 {[%clk 0:09:00]} 27. fxe4
{[%clk 0:14:30]} h5 {[%clk 0:07:59]} 28. Bf4 {[%clk 0:13:38]} Bf8
{[%clk 0:06:06]} 29. e5 {[%clk 0:12:56]} g5 {[%clk 0:05:19]} 30. Be3
{[%clk 0:12:54]} Be7 {[%clk 0:01:39]} 31. exd6 {[%clk 0:12:33]} Qxd6
{[%clk 0:01:38]} 32. Qxd6 {[%clk 0:12:33]} Bxd6 {[%clk 0:02:04]} 33. Bxg5
{[%clk 0:12:54]} Bc7 {[%clk 0:00:45]} 34. Be7 {[%clk 0:13:02]} Bb6
{[%clk 0:01:10]} 35. Kg2 {[%clk 0:12:21]} Kg7 {[%clk 0:01:17]} 36. f4
{[%clk 0:12:31]} Kg6 {[%clk 0:01:37]} 37. Kf3 {[%clk 0:12:26]} Kf5
{[%clk 0:01:58]} 38. Bd6 {[%clk 0:12:22]} Ke6 {[%clk 0:01:07]} 39. Be5
{[%clk 0:12:01]} Kf5 {[%clk 0:00:41]} 40. h3 {[%clk 0:41:40]} Bd8
{[%clk 0:30:42]} 41. Bb8 {[%clk 0:41:20]} Bb6 {[%clk 0:30:30]} 42. Ke3
{[%clk 0:37:32]} Ke6 {[%clk 0:28:24]} 43. Ke4 {[%clk 0:36:25]} f5+
{[%clk 0:28:42]} 44. Kf3 {[%clk 0:36:23]} Kf7 {[%clk 0:28:35]} 45. Bd6
{[%clk 0:34:18]} Ke6 {[%clk 0:28:46]} 46. Bf8 {[%clk 0:34:19]} Kf7
{[%clk 0:29:04]} 47. Bh6 {[%clk 0:33:23]} Bd8 {[%clk 0:28:32]} 48. Bg5
{[%clk 0:33:31]} Bc7 {[%clk 0:26:38]} 49. Kg3 {[%clk 0:31:51]} Bb6
{[%clk 0:26:10]} 50. Kh4 {[%clk 0:31:04]} Kg6 {[%clk 0:26:33]} 51. Kg3
{[%clk 0:26:14]} Kf7 {[%clk 0:24:53]} 52. Kf3 {[%clk 0:26:09]} Ke8
{[%clk 0:23:03]} 53. Ke3 {[%clk 0:25:34]} Kd7 {[%clk 0:21:21]} 54. Kd3
{[%clk 0:25:36]} Ke6 {[%clk 0:21:05]} 55. Kc3 {[%clk 0:25:29]} Kd6
{[%clk 0:20:57]} 56. Bf6 {[%clk 0:25:12]} Ke6 {[%clk 0:20:55]} 57. Be5
{[%clk 0:25:25]} Kd7 {[%clk 0:21:09]} 58. Kb2 {[%clk 0:25:47]} Kc6
{[%clk 0:21:02]} 59. Ka3 {[%clk 0:25:32]} Kd7 {[%clk 0:17:30]} 60. Ka4
{[%clk 0:25:25]} Kc6 {[%clk 0:17:42]} 61. Bc3 {[%clk 0:25:37]} Bc7
{[%clk 0:18:04]} 62. Bd2 {[%clk 0:25:42]} h4 {[%clk 0:18:26]} 63. c3
{[%clk 0:22:11]} Bd8 {[%clk 0:15:37]} 64. b4 {[%clk 0:19:05]} axb4
{[%clk 0:16:01]} 65. cxb4 {[%clk 0:19:10]} cxb4 {[%clk 0:16:11]} 66. Kxb4
{[%clk 0:19:18]} Bc7 {[%clk 0:13:40]} 67. c5 {[%clk 0:18:32]} Bd8
{[%clk 0:13:54]} 68. Kc4 {[%clk 0:17:34]} Be7 {[%clk 0:11:10]} 69. Be3
{[%clk 0:17:04]} Bd8 {[%clk 0:11:03]} 70. Bd4 {[%clk 0:16:42]} Be7
{[%clk 0:11:24]} 71. Bf2 {[%clk 0:16:50]} Bd8 {[%clk 0:11:34]} 72. Kd4
{[%clk 0:16:58]} Bf6+ {[%clk 0:11:59]} 73. Kc4 {[%clk 0:17:16]} Bd8
{[%clk 0:12:20]} 74. Be3 {[%clk 0:17:27]} Bf6 {[%clk 0:12:29]} 75. Bd4
{[%clk 0:17:31]} Be7 {[%clk 0:12:53]} 1/2-1/2

[Event "George Trundle Reserves 2016"]
[Site "Auckland"]
[Date "2016.07.15"]
[Round "7.4"]
[White "Song, Kate"]
[Black "Lyall, Simon"]
[Result "0-1"]
[LiveChessVersion "1.4.8"]
[BlackElo "1762"]
[WhiteElo "1695"]

1. e4 {[%clk 1:30:59]} e5 {[%clk 1:30:50]} 2. Nf3 {[%clk 1:31:24]} Nf6
{[%clk 1:31:14]} 3. Nxe5 {[%clk 1:31:34]} d6 {[%clk 1:31:36]} 4. Nf3
{[%clk 1:31:53]} Nxe4 {[%clk 1:31:59]} 5. d4 {[%clk 1:32:21]} d5 {[%clk 1:31:53]}
6. Bd3 {[%clk 1:32:20]} Be6 {[%clk 1:30:33]} 7. O-O {[%clk 1:32:24]} f5
{[%clk 1:30:07]} 8. Bf4 {[%clk 1:31:33]} Bd6 {[%clk 1:27:29]} 9. Be5
{[%clk 1:31:06]} Bxe5 {[%clk 1:25:33]} 10. Nxe5 {[%clk 1:30:36]} Nd7
{[%clk 1:23:15]} 11. f4 {[%clk 1:30:24]} Nxe5 {[%clk 1:19:24]} 12. fxe5
{[%clk 1:30:38]} Qg5 {[%clk 1:16:19]} 13. Qc1 {[%clk 1:27:55]} Qg6
{[%clk 1:12:05]} 14. c4 {[%clk 1:26:33]} c6 {[%clk 1:08:28]} 15. cxd5
{[%clk 1:26:48]} Bxd5 {[%clk 1:08:01]} 16. Bc4 {[%clk 1:25:49]} Nc3
{[%clk 0:59:00]} 17. Bxd5 {[%clk 1:26:06]} Ne2+ {[%clk 0:59:13]} 18. Kh1
{[%clk 1:26:17]} Nxc1 {[%clk 0:59:23]} 19. Rxc1 {[%clk 1:26:39]} cxd5
{[%clk 0:59:21]} 20. Nc3 {[%clk 1:27:06]} Rd8 {[%clk 0:54:35]} 21. Nb5
{[%clk 1:27:25]} O-O {[%clk 0:53:11]} 22. Nd6 {[%clk 1:27:05]} Rxd6
{[%clk 0:51:25]} 23. exd6 {[%clk 1:27:29]} Qxd6 {[%clk 0:51:51]} 24. Rc5
{[%clk 1:27:22]} b6 {[%clk 0:50:31]} 25. Rc2 {[%clk 1:27:33]} Re8
{[%clk 0:50:21]} 26. Rf2 {[%clk 1:27:05]} g6 {[%clk 0:49:47]} 27. a3
{[%clk 1:27:08]} Qc6 {[%clk 0:48:03]} 28. h3 {[%clk 1:26:58]} Qc4
{[%clk 0:48:09]} 29. Rd2 {[%clk 1:26:26]} Qb3 {[%clk 0:43:18]} 30. Rc1
{[%clk 1:26:08]} Qg3 {[%clk 0:43:15]} 31. Rf1 {[%clk 1:24:24]} Re1
{[%clk 0:43:20]} 32. Rd1 {[%clk 1:24:52]} Rxf1+ {[%clk 0:43:18]} 33. Rxf1
{[%clk 1:25:17]} Qd3 {[%clk 0:43:19]} 34. Rc1 {[%clk 1:25:05]} Qxd4
{[%clk 0:43:18]} 35. Rc8+ {[%clk 1:25:26]} Kg7 {[%clk 0:43:08]} 36. Rc7+
{[%clk 1:25:50]} Kh6 37. Rxa7 {[%clk 1:26:03]} Qxb2 {[%clk 0:43:42]} 38. Ra6
{[%clk 1:25:34]} d4 {[%clk 0:43:28]} 39. Ra4 {[%clk 1:25:11]} d3 {[%clk 0:43:43]}
40. Rb4 {[%clk 1:54:03]} Qxb4 {[%clk 1:14:04]} 41. axb4 {[%clk 1:54:26]} d2
{[%clk 1:14:32]} 42. b5 {[%clk 1:54:49]} d1=Q+ {[%clk 1:14:51]} 43. Kh2
{[%clk 1:55:17]} Qd5 {[%clk 1:14:30]} 44. g4 {[%clk 1:55:19]} fxg4
{[%clk 1:14:34]} 45. hxg4 {[%clk 1:55:43]} Qxb5 {[%clk 1:14:58]} 46. Kg3
{[%clk 1:56:08]} Qe5+ {[%clk 1:15:04]} 47. Kf3 {[%clk 1:56:26]} b5
{[%clk 1:15:28]} 48. Kg2 {[%clk 1:56:47]} b4 {[%clk 1:15:53]} 49. Kf3
{[%clk 1:57:06]} b3 {[%clk 1:16:18]} 50. Kg2 {[%clk 1:57:28]} b2 {[%clk 1:16:37]}
51. g5+ {[%clk 1:57:51]} Kxg5 {[%clk 1:16:52]} 52. Kf2 {[%clk 1:58:07]} b1=Q
{[%clk 1:17:10]} 53. Kg2 {[%clk 1:58:29]} Qc3 {[%clk 1:17:17]} 54. Kh2
{[%clk 1:58:45]} Qbb2+ {[%clk 1:17:42]} 55. Kg1 {[%clk 1:59:04]} Qe1#
{[%clk 1:17:55]} 0-1

[Event "George Trundle Reserves 2016"]
[Site "Auckland"]
[Date "2016.07.15"]
[Round "7.5"]
[White "Mukkattu, Philip"]
[Black "Eade, Don"]
[Result "1/2-1/2"]
[LiveChessVersion "1.4.8"]
[BlackElo "1837"]
[WhiteElo "1658"]

1. d4 {[%clk 1:29:01]} Nf6 {[%clk 1:30:12]} 2. c4 {[%clk 1:29:29]} g6
{[%clk 1:30:32]} 3. Nc3 {[%clk 1:29:40]} Bg7 {[%clk 1:30:56]} 4. e4
{[%clk 1:29:55]} d6 {[%clk 1:31:16]} 5. Nf3 {[%clk 1:30:04]} O-O {[%clk 1:31:31]}
6. Bd3 {[%clk 1:29:46]} e5 {[%clk 1:29:52]} 7. dxe5 {[%clk 1:24:31]} dxe5
{[%clk 1:28:21]} 8. Bg5 {[%clk 1:18:22]} Nbd7 {[%clk 1:23:56]} 9. O-O
{[%clk 1:05:27]} h6 {[%clk 1:21:27]} 10. Bh4 {[%clk 1:03:37]} c6 11. b4
{[%clk 0:56:37]} a5 {[%clk 1:08:41]} 12. a3 {[%clk 0:52:00]} g5 {[%clk 1:04:35]}
13. Nxg5 {[%clk 0:42:03]} hxg5 {[%clk 0:59:44]} 14. Bxg5 {[%clk 0:42:31]} axb4
{[%clk 0:57:45]} 15. axb4 {[%clk 0:42:26]} Rxa1 {[%clk 0:58:00]} 16. Qxa1
{[%clk 0:42:54]} Nc5 {[%clk 0:54:51]} 17. Be2 {[%clk 0:40:12]} Ne6 18. Bh4
{[%clk 0:40:20]} Nf4 {[%clk 0:51:25]} 19. Bf3 {[%clk 0:39:47]} Qd4
{[%clk 0:49:30]} 20. Bxf6 {[%clk 0:33:25]} Bxf6 {[%clk 0:47:47]} 21. Rd1
{[%clk 0:33:51]} Qxc4 {[%clk 0:47:17]} 22. Rd6 {[%clk 0:33:40]} Be7
{[%clk 0:44:35]} 23. Rd1 {[%clk 0:28:27]} Bxb4 {[%clk 0:40:58]} 24. Na4
{[%clk 0:28:38]} b5 {[%clk 0:32:15]} 25. Qxe5 {[%clk 0:27:35]} Ng6
{[%clk 0:31:34]} 26. Qg3 {[%clk 0:24:56]} bxa4 {[%clk 0:31:15]} 27. h4
{[%clk 0:25:05]} Kh7 {[%clk 0:29:26]} 28. h5 {[%clk 0:24:08]} Ne7
{[%clk 0:26:22]} 29. Qf4 {[%clk 0:20:37]} Qe6 {[%clk 0:22:51]} 30. e5
{[%clk 0:20:28]} Bc5 {[%clk 0:20:36]} 31. Be4+ {[%clk 0:20:34]} Kh8
{[%clk 0:17:40]} 32. Kh2 {[%clk 0:15:08]} a3 {[%clk 0:09:14]} 33. g4
{[%clk 0:15:07]} Nd5 {[%clk 0:04:17]} 34. Rxd5 {[%clk 0:12:07]} f5
{[%clk 0:01:56]} 35. Rxc5 {[%clk 0:10:13]} Qe7 {[%clk 0:01:56]} 36. Qh6+
{[%clk 0:08:30]} Kg8 {[%clk 0:02:16]} 37. Qg6+ {[%clk 0:07:20]} Kh8
{[%clk 0:01:51]} 1/2-1/2